Tonggak dua belas = (twelve pillars) (Record no. 210)
[ view plain ]
| 000 -LEADER | |
|---|---|
| fixed length control field | nam a22 a 4500 |
| 003 - CONTROL NUMBER IDENTIFIER | |
| control field | AKMAL |
| 005 - DATE AND TIME OF LATEST TRANSACTION | |
| control field | 20170426144715.0 |
| 008 - FIXED-LENGTH DATA ELEMENTS--GENERAL INFORMATION | |
| fixed length control field | 170426s1992 my f00 may d |
| 020 ## - INTERNATIONAL STANDARD BOOK NUMBER | |
| International Standard Book Number | 9679933156 (kkt.): |
| Terms of availability | Rm 5.00 |
| 040 ## - CATALOGING SOURCE | |
| Original cataloging agency | AKMAL |
| 082 04 - DEWEY DECIMAL CLASSIFICATION NUMBER | |
| Classification number | 172.209595 TON |
| 090 ## - LOCALLY ASSIGNED LC-TYPE CALL NUMBER (OCLC); LOCAL CALL NUMBER (RLIN) | |
| Classification number (OCLC) (R) ; Classification number, CALL (RLIN) (NR) | 172.209595 |
| Local cutter number (OCLC) ; Book number/undivided call number, CALL (RLIN) | TON |
| 245 00 - TITLE STATEMENT | |
| Title | Tonggak dua belas = (twelve pillars) |
| 260 ## - PUBLICATION, DISTRIBUTION, ETC. | |
| Place of publication, distribution, etc. | Kuala Lumpur : |
| Name of publisher, distributor, etc. | Institut Tadbiran Awam Negara, |
| Date of publication, distribution, etc. | 1992 |
| 300 ## - PHYSICAL DESCRIPTION | |
| Extent | xviii, 63ms. ; |
| Dimensions | 21cm |
| 500 ## - GENERAL NOTE | |
| General note | Judul kulit: Tonggak dua belas: penerapan nilai, norma dan etika perkhidmatan |
| 521 ## - TARGET AUDIENCE NOTE | |
| Target audience note | Peringkat pembaca: Dewasa |
| 650 ## - SUBJECT ADDED ENTRY--TOPICAL TERM | |
| Topical term or geographic name entry element | Civil service ethics |
| Geographic subdivision | Malaysia |
| 9 (RLIN) | 416 |
| 650 ## - SUBJECT ADDED ENTRY--TOPICAL TERM | |
| Topical term or geographic name entry element | Civil service |
| Geographic subdivision | Malaysia |
| 9 (RLIN) | 420 |
| 710 2# - ADDED ENTRY--CORPORATE NAME | |
| Corporate name or jurisdiction name as entry element | Institut Tadbiran Awam Negara |
| 9 (RLIN) | 410 |
| 740 #2 - ADDED ENTRY--UNCONTROLLED RELATED/ANALYTICAL TITLE | |
| Uncontrolled related/analytical title | The twelve pillars |
| 942 ## - ADDED ENTRY ELEMENTS (KOHA) | |
| Source of classification or shelving scheme | |
| Koha item type | Book |
| Withdrawn status | Lost status | Source of classification or shelving scheme | Damaged status | Not for loan | Collection code | Home library | Current library | Shelving location | Date acquired | Inventory number | Total Checkouts | Full call number | Barcode | Date last seen | Price effective from | Koha item type |
|---|---|---|---|---|---|---|---|---|---|---|---|---|---|---|---|---|
| NON-FICTION | AKMAL Melaka | AKMAL Melaka | PINJAMAN | 26.04.2017 | 100258 | 172.209595 TON | 201700508 | 26.04.2017 | 26.04.2017 | Book | ||||||
| NON-FICTION | AKMAL Melaka | AKMAL Melaka | PINJAMAN | 26.04.2017 | 100250 | 172.209595 TON | 201700520 | 26.04.2017 | 26.04.2017 | Book | ||||||
| NON-FICTION | AKMAL Melaka | AKMAL Melaka | PINJAMAN | 26.04.2017 | 100257 | 172.209595 TON | 201700521 | 26.04.2017 | 26.04.2017 | Book | ||||||
| NON-FICTION | AKMAL Melaka | AKMAL Melaka | PINJAMAN | 26.04.2017 | 100260 | 172.209595 TON | 201700522 | 26.04.2017 | 26.04.2017 | Book | ||||||
| NON-FICTION | AKMAL Melaka | AKMAL Melaka | PINJAMAN | 26.04.2017 | 100251 | 172.209595 TON | 201700523 | 26.04.2017 | 26.04.2017 | Book | ||||||
| NON-FICTION | AKMAL Melaka | AKMAL Melaka | PINJAMAN | 26.04.2017 | 100246 | 172.209595 TON | 201700524 | 26.04.2017 | 26.04.2017 | Book | ||||||
| NON-FICTION | AKMAL Melaka | AKMAL Melaka | PINJAMAN | 26.04.2017 | 100259 | 172.209595 TON | 201700525 | 26.04.2017 | 26.04.2017 | Book | ||||||
| NON-FICTION | AKMAL Melaka | AKMAL Melaka | PINJAMAN | 26.04.2017 | 100254 | 172.209595 TON | 201700526 | 26.04.2017 | 26.04.2017 | Book | ||||||
| NON-FICTION | AKMAL Melaka | AKMAL Melaka | PINJAMAN | 26.04.2017 | 100247 | 172.209595 TON | 201700527 | 26.04.2017 | 26.04.2017 | Book | ||||||
| NON-FICTION | AKMAL Melaka | AKMAL Melaka | PINJAMAN | 26.04.2017 | 100252 | 172.209595 TON | 201700528 | 26.04.2017 | 26.04.2017 | Book | ||||||
| NON-FICTION | AKMAL Melaka | AKMAL Melaka | PINJAMAN | 26.04.2017 | 100256 | 172.209595 TON | 201700529 | 26.04.2017 | 26.04.2017 | Book |
